<?xml version="1.0" encoding="UTF-8"?>
<record
    xmlns:xsi="http://www.w3.org/2001/XMLSchema-instance"
    xsi:schemaLocation="http://www.loc.gov/MARC21/slim http://www.loc.gov/standards/marcxml/schema/MARC21slim.xsd"
    xmlns="http://www.loc.gov/MARC21/slim">

  <leader>01983    a2200337   4500</leader>
  <controlfield tag="003">NALT</controlfield>
  <controlfield tag="005">20251223155652.0</controlfield>
  <controlfield tag="008">220919b        th ||||| |||| 00| 0 tha d</controlfield>
  <datafield tag="020" ind1=" " ind2=" ">
    <subfield code="a">9786168266281</subfield>
  </datafield>
  <datafield tag="040" ind1=" " ind2=" ">
    <subfield code="a">NALT</subfield>
  </datafield>
  <datafield tag="041" ind1="1" ind2=" ">
    <subfield code="a">tha</subfield>
    <subfield code="h">eng</subfield>
  </datafield>
  <datafield tag="050" ind1=" " ind2=" ">
    <subfield code="a">HN 90.P57 </subfield>
    <subfield code="b">&#xE0B;812&#xE1C; 2565</subfield>
  </datafield>
  <datafield tag="100" ind1="1" ind2=" ">
    <subfield code="a">&#xE41;&#xE0B;&#xE19;&#xE40;&#xE14;&#xE25;, &#xE44;&#xE21;&#xE40;&#xE04;&#xE34;&#xE25; &#xE40;&#xE08;. </subfield>
    <subfield code="9">15797</subfield>
  </datafield>
  <datafield tag="245" ind1="1" ind2="0">
    <subfield code="a">&#xE40;&#xE1C;&#xE14;&#xE47;&#xE08;&#xE01;&#xE32;&#xE23;&#xE04;&#xE27;&#xE32;&#xE21;&#xE04;&#xE39;&#xE48;&#xE04;&#xE27;&#xE23; =</subfield>
    <subfield code="b">The tyranny of merit : what's become of the common good? /</subfield>
    <subfield code="c">Michael J. Sandel ; &#xE2A;&#xE24;&#xE13;&#xE35; &#xE2D;&#xE32;&#xE0A;&#xE27;&#xE32;&#xE19;&#xE31;&#xE19;&#xE17;&#xE01;&#xE38;&#xE25;, &#xE41;&#xE1B;&#xE25;.</subfield>
  </datafield>
  <datafield tag="246" ind1="3" ind2="1">
    <subfield code="a">The tyranny of merit : </subfield>
    <subfield code="b">what's become of the common good?.</subfield>
  </datafield>
  <datafield tag="250" ind1=" " ind2=" ">
    <subfield code="a">&#xE1E;&#xE34;&#xE21;&#xE1E;&#xE4C;&#xE04;&#xE23;&#xE31;&#xE49;&#xE07;&#xE41;&#xE23;&#xE01;.</subfield>
  </datafield>
  <datafield tag="260" ind1=" " ind2=" ">
    <subfield code="a">&#xE01;&#xE23;&#xE38;&#xE07;&#xE40;&#xE17;&#xE1E;&#xE2F; :</subfield>
    <subfield code="b">&#xE0B;&#xE2D;&#xE25;&#xE17;&#xE4C;, </subfield>
    <subfield code="c">2565.</subfield>
  </datafield>
  <datafield tag="300" ind1=" " ind2=" ">
    <subfield code="a">367 &#xE2B;&#xE19;&#xE49;&#xE32; ;</subfield>
    <subfield code="c">21 &#xE0B;&#xE21;.</subfield>
  </datafield>
  <datafield tag="650" ind1=" " ind2="4">
    <subfield code="9">59009</subfield>
    <subfield code="a">&#xE42;&#xE1E;&#xE25;&#xE32;&#xE44;&#xE23;&#xE40;&#xE0B;&#xE0A;&#xE31;&#xE19; (&#xE2A;&#xE31;&#xE07;&#xE04;&#xE21;&#xE28;&#xE32;&#xE2A;&#xE15;&#xE23;&#xE4C;)</subfield>
    <subfield code="z">&#xE2A;&#xE2B;&#xE23;&#xE31;&#xE10;&#xE2D;&#xE40;&#xE21;&#xE23;&#xE34;&#xE01;&#xE32;</subfield>
  </datafield>
  <datafield tag="650" ind1=" " ind2="4">
    <subfield code="9">59010</subfield>
    <subfield code="a">&#xE1B;&#xE23;&#xE30;&#xE0A;&#xE32;&#xE19;&#xE34;&#xE22;&#xE21;</subfield>
    <subfield code="z">&#xE2A;&#xE2B;&#xE23;&#xE31;&#xE10;&#xE2D;&#xE40;&#xE21;&#xE23;&#xE34;&#xE01;&#xE32;</subfield>
  </datafield>
  <datafield tag="650" ind1=" " ind2="4">
    <subfield code="9">59011</subfield>
    <subfield code="a">&#xE04;&#xE27;&#xE32;&#xE21;&#xE14;&#xE35;</subfield>
    <subfield code="x">&#xE41;&#xE07;&#xE48;&#xE2A;&#xE31;&#xE07;&#xE04;&#xE21; </subfield>
    <subfield code="z">&#xE2A;&#xE2B;&#xE23;&#xE31;&#xE10;&#xE2D;&#xE40;&#xE21;&#xE23;&#xE34;&#xE01;&#xE32;</subfield>
  </datafield>
  <datafield tag="650" ind1=" " ind2="4">
    <subfield code="9">59012</subfield>
    <subfield code="a">&#xE1C;&#xE25;&#xE1B;&#xE23;&#xE30;&#xE42;&#xE22;&#xE0A;&#xE19;&#xE4C;&#xE2A;&#xE32;&#xE18;&#xE32;&#xE23;&#xE13;&#xE30;</subfield>
    <subfield code="z">&#xE2A;&#xE2B;&#xE23;&#xE31;&#xE10;&#xE2D;&#xE40;&#xE21;&#xE23;&#xE34;&#xE01;&#xE32;</subfield>
  </datafield>
  <datafield tag="650" ind1=" " ind2="4">
    <subfield code="9">59013</subfield>
    <subfield code="a">&#xE01;&#xE32;&#xE23;&#xE40;&#xE25;&#xE37;&#xE48;&#xE2D;&#xE19;&#xE10;&#xE32;&#xE19;&#xE30;&#xE17;&#xE32;&#xE07;&#xE2A;&#xE31;&#xE07;&#xE04;&#xE21;</subfield>
    <subfield code="z">&#xE2A;&#xE2B;&#xE23;&#xE31;&#xE10;&#xE2D;&#xE40;&#xE21;&#xE23;&#xE34;&#xE01;&#xE32;</subfield>
  </datafield>
  <datafield tag="650" ind1=" " ind2="4">
    <subfield code="9">59014</subfield>
    <subfield code="a">&#xE42;&#xE25;&#xE01;&#xE32;&#xE20;&#xE34;&#xE27;&#xE31;&#xE15;&#xE19;&#xE4C;</subfield>
    <subfield code="x">&#xE41;&#xE07;&#xE48;&#xE01;&#xE32;&#xE23;&#xE40;&#xE21;&#xE37;&#xE2D;&#xE07;</subfield>
    <subfield code="z">&#xE2A;&#xE2B;&#xE23;&#xE31;&#xE10;&#xE2D;&#xE40;&#xE21;&#xE23;&#xE34;&#xE01;&#xE32;</subfield>
  </datafield>
  <datafield tag="651" ind1=" " ind2="4">
    <subfield code="9">44623</subfield>
    <subfield code="a">&#xE2A;&#xE2B;&#xE23;&#xE31;&#xE10;&#xE2D;&#xE40;&#xE21;&#xE23;&#xE34;&#xE01;&#xE32; </subfield>
    <subfield code="x">&#xE20;&#xE32;&#xE27;&#xE30;&#xE2A;&#xE31;&#xE07;&#xE04;&#xE21; </subfield>
    <subfield code="y">&#xE04;&#xE23;&#xE34;&#xE2A;&#xE15;&#xE4C;&#xE28;&#xE15;&#xE27;&#xE23;&#xE23;&#xE29;&#xE17;&#xE35;&#xE48; 21</subfield>
  </datafield>
  <datafield tag="700" ind1="1" ind2=" ">
    <subfield code="9">15798</subfield>
    <subfield code="a">Sandel, Michael J. </subfield>
  </datafield>
  <datafield tag="700" ind1="0" ind2=" ">
    <subfield code="9">15799</subfield>
    <subfield code="a">&#xE2A;&#xE24;&#xE13;&#xE35; &#xE2D;&#xE32;&#xE0A;&#xE27;&#xE32;&#xE19;&#xE31;&#xE19;&#xE17;&#xE01;&#xE38;&#xE25;</subfield>
  </datafield>
  <datafield tag="850" ind1=" " ind2=" ">
    <subfield code="a">NALT</subfield>
  </datafield>
  <datafield tag="942" ind1=" " ind2=" ">
    <subfield code="2">lcc</subfield>
    <subfield code="c">GB</subfield>
  </datafield>
  <datafield tag="998" ind1=" " ind2=" ">
    <subfield code="a">phon</subfield>
    <subfield code="b">phon</subfield>
    <subfield code="c">phon</subfield>
    <subfield code="j">8</subfield>
    <subfield code="k"> &#xE19;&#xE32;&#xE22;&#xE1A;&#xE31;&#xE13;&#xE11;&#xE34;&#xE15;  &#xE2D;&#xE38;&#xE17;&#xE32;&#xE27;&#xE07;&#xE04;&#xE4C;</subfield>
  </datafield>
  <datafield tag="999" ind1=" " ind2=" ">
    <subfield code="c">100769</subfield>
    <subfield code="d">100769</subfield>
  </datafield>
  <datafield tag="952" ind1=" " ind2=" ">
    <subfield code="0">0</subfield>
    <subfield code="1">0</subfield>
    <subfield code="2">lcc</subfield>
    <subfield code="4">0</subfield>
    <subfield code="7">0</subfield>
    <subfield code="8">CGBL</subfield>
    <subfield code="a">NALT</subfield>
    <subfield code="b">NALT</subfield>
    <subfield code="c">GEN</subfield>
    <subfield code="d">2022-09-16</subfield>
    <subfield code="e">1</subfield>
    <subfield code="l">5</subfield>
    <subfield code="m">4</subfield>
    <subfield code="o">HN 90.P57 &#xE0B;812&#xE1C; 2565</subfield>
    <subfield code="p">3961213141</subfield>
    <subfield code="r">2025-01-28 00:00:00</subfield>
    <subfield code="s">2025-01-21</subfield>
    <subfield code="t">&#xE09;.1</subfield>
    <subfield code="w">2022-09-16</subfield>
    <subfield code="y">GB</subfield>
  </datafield>
  <datafield tag="952" ind1=" " ind2=" ">
    <subfield code="0">0</subfield>
    <subfield code="1">0</subfield>
    <subfield code="2">lcc</subfield>
    <subfield code="4">0</subfield>
    <subfield code="7">0</subfield>
    <subfield code="8">CGBL</subfield>
    <subfield code="a">NALT</subfield>
    <subfield code="b">NALT</subfield>
    <subfield code="c">GEN</subfield>
    <subfield code="d">2022-09-16</subfield>
    <subfield code="e">1</subfield>
    <subfield code="l">6</subfield>
    <subfield code="m">3</subfield>
    <subfield code="o">HN 90.P57 &#xE0B;812&#xE1C; 2565</subfield>
    <subfield code="p">3961213142</subfield>
    <subfield code="r">2026-01-12 00:00:00</subfield>
    <subfield code="s">2025-12-23</subfield>
    <subfield code="t">&#xE09;.2</subfield>
    <subfield code="w">2022-09-16</subfield>
    <subfield code="y">GB</subfield>
  </datafield>
</record>
